000 00876nam a22002417a 4500
999 _c162167
_d162167
005 20190816123234.0
010 _a1819CHEN B-719217-237
020 _a9788180222276
_c249.00
035 _aB-719217-237
035 _aB-728610
037 _adpl
_bBlueberry
082 _aS
100 _aPerrault,Charles
245 _aCinderella /
_cby Charles Perrault ; illustrated by Andressa Meissner
260 _bPriority Publications
_c2017
_aNew Delhi
270 _a4325/3, Ansari Road, Darya Ganj
_bNew Delhi
_e110002
300 _aunpaged:
_bcol. ill.
_c30cm(Hb)
500 _aAirport
700 _aMeissner, Andressa
942 _2ddc
_cCH
_mPER
_hS